[Event "8. Open Internacional de Málaga"]
[Site "Campillos ESP"]
[Date "2005.02.25"]
[Round "8.13"]
[White "Slaby, Jerzy"]
[Black "Naranjo Moreno, Antonio"]
[Result "1-0"]
[WhiteElo "2401"]
[BlackElo "2169"]
[PlyCount "111"]
[EventDate "2005.02.19"]
[EventType "swiss"]
[EventRounds "9"]
[EventCountry "ESP"]
[Source "lmi"]
[SourceDate "2005.02.26"]

1. e4 e5 2. Nf3 Nc6 3. Bb5 a6 4. Ba4 Nf6 5. O-O Nxe4 6. d4 b5 7. Bb3 d5 8. dxe5
Be6 9. Nbd2 Nc5 10. c3 d4 11. Bxe6 Nxe6 12. cxd4 Ncxd4 13. Ne4 Be7 14. Be3 Nf5
15. Qc2 O-O 16. Nf6+ Bxf6 17. Qxf5 Be7 18. Rad1 Qc8 19. Qe4 c5 20. h4 Ra7 21.
Ng5 Nxg5 22. hxg5 Rd7 23. Rde1 Rfd8 24. e6 fxe6 25. Qxe6+ Kh8 26. Bf4 Bd6 27.
Be3 Re7 28. Qxc8 Rxc8 29. Rd1 Be5 30. Bxc5 Rf7 31. b3 Rf5 32. Be3 Bf4 33. Bxf4
Rxf4 34. Rd6 a5 35. Rfd1 Kg8 36. g3 Rf5 37. f4 Rc2 38. R1d2 Rfc5 39. Kg2 Kf7
40. g4 a4 41. bxa4 bxa4 42. Kg3 R5c3+ 43. Kh4 Rxd2 44. Rxd2 Rf3 45. f5 Kf8 46.
Rd8+ Kf7 47. Rh8 Rf2 48. a3 Rh2+ 49. Kg3 Ra2 50. Rxh7 Rxa3+ 51. Kf4 Ra1 52. g6+
Kg8 53. Kg5 a3 54. Rh3 a2 55. Rh2 Kf8 56. Re2 1-0

[Event "8. Open Internacional de Málaga"]
[Site "Campillos ESP"]
[Date "2005.02.25"]
[Round "8.15"]
[White "Rubio Doblas, Ricardo"]
[Black "Carlsson, Pontus"]
[Result "0-1"]
[WhiteElo "2090"]
[BlackElo "2381"]
[PlyCount "208"]
[EventDate "2005.02.19"]
[EventType "swiss"]
[EventRounds "9"]
[EventCountry "ESP"]
[Source "lmi"]
[SourceDate "2005.02.26"]

1. d4 Nf6 2. Nc3 e6 3. e4 d5 4. Bg5 Be7 5. e5 Nfd7 6. Bxe7 Qxe7 7. f4 O-O 8.
Qh5 c5 9. Nf3 Nc6 10. O-O-O f6 11. Bd3 g6 12. Qh6 cxd4 13. Nb5 fxe5 14. Bxg6
Rf6 15. Nh4 hxg6 16. fxe5 Ndxe5 17. Nxd4 Ng4 18. Nxc6 bxc6 19. Qg5 Nf2 20. Rhf1
Ne4 21. Nxg6 Qg7 22. Ne7+ Kf7 23. Qxg7+ Kxg7 24. Nxc6 Ba6 25. Rxf6 Kxf6 26. Nb4
Bb5 27. Nd3 Rh8 28. h3 Rg8 29. g4 Rh8 30. Nf4 Rh6 31. Rg1 Kg5 32. Nh5 Be8 33.
Ng7 Bf7 34. Rf1 Nf6 35. Re1 Ne4 36. Rf1 Rxh3 37. b4 Kg6 38. Nh5 e5 39. Rf5 Be6
40. Rxe5 Rh1+ 41. Kb2 Bxg4 42. Nf4+ Kf6 43. Rxd5 Rf1 44. Nd3 Nd2 45. Rd4 Bf5
46. Rd6+ Kg5 47. Ra6 Rb1+ 48. Kc3 Ne4+ 49. Kd4 Ng3 50. a3 Ne2+ 51. Ke3 Nc1 52.
Rxa7 Nxd3 53. cxd3 Rb3 54. Kd4 Bxd3 55. a4 Kf6 56. Kc5 Ke6 57. b5 Rc3+ 58. Kb6
Kd6 59. Rg7 Ra3 60. Rg4 Kd7 61. Kb7 Bc2 62. Rd4+ Ke6 63. b6 Bxa4 64. Kc7 Rc3+
65. Kb8 Bc6 66. Rh4 Kd6 67. Rh6+ Kc5 68. Kc7 Bd5 69. Rh5 Kd4+ 70. Kd8 Rb3 71.
Kc7 Rc3+ 72. Kd8 Rg3 73. Rh7 Rb3 74. Kc8 Rxb6 75. Ra7 Kc5 76. Kc7 Rc6+ 77. Kd7
Rh6 78. Ra5+ Kd4 79. Ra1 Ke5 80. Re1+ Be4 81. Kc7 Rc6+ 82. Kd7 Rb6 83. Rc1 Rh6
84. Kc7 Rh7+ 85. Kb6 Rb7+ 86. Ka6 Rb2 87. Ka5 Kd4 88. Rd1+ Kc5 89. Rc1+ Kd4 90.
Rd1+ Bd3 91. Rg1 Be2 92. Rg5 Rb8 93. Rg6 Bc4 94. Rg5 Bd5 95. Ka4 Kc5 96. Ka3
Rb7 97. Rh5 Rb3+ 98. Ka4 Rb2 99. Rh3 Ra2+ 100. Ra3 Rg2 101. Rc3+ Bc4 102. Rh3
Rg1 103. Rh5+ Bd5 104. Ka3 Rg2 0-1

[Event "8. Open Internacional de Málaga"]
[Site "Campillos ESP"]
[Date "2005.02.26"]
[Round "9.1"]
[White "Matamoros Franco, Carlos S"]
[Black "Cramling, Pia"]
[Result "1/2-1/2"]
[WhiteElo "2522"]
[BlackElo "2481"]
[PlyCount "27"]
[EventDate "2005.02.19"]
[EventType "swiss"]
[EventRounds "9"]
[EventCountry "ESP"]
[Source "lmi"]
[SourceDate "2005.02.26"]

1. Nf3 Nf6 2. g3 g6 3. Bg2 Bg7 4. O-O O-O 5. c4 d6 6. Nc3 e5 7. d3 Nc6 8. Rb1
a5 9. a3 h6 10. b4 axb4 11. axb4 Be6 12. b5 Ne7 13. Nd2 Qc8 14. Bb2 1/2-1/2

[Event "8. Open Internacional de Málaga"]
[Site "Campillos ESP"]
[Date "2005.02.26"]
[Round "9.3"]
[White "Khamrakulov, Ibragim S"]
[Black "Rizouk, Aimen"]
[Result "1-0"]
[WhiteElo "2501"]
[BlackElo "2465"]
[PlyCount "69"]
[EventDate "2005.02.19"]
[EventType "swiss"]
[EventRounds "9"]
[EventCountry "ESP"]
[Source "lmi"]
[SourceDate "2005.02.26"]

1. e4 e5 2. Nf3 Nf6 3. Nxe5 d6 4. Nf3 Nxe4 5. d4 d5 6. Bd3 Nc6 7. O-O Be7 8. c4
Nb4 9. Be2 O-O 10. a3 Nc6 11. Nc3 Nxc3 12. bxc3 Bf5 13. Bf4 dxc4 14. Bxc4 Bd6
15. Qd2 Re8 16. Rfe1 Qd7 17. Bxd6 cxd6 18. Qf4 h6 19. d5 Na5 20. Nd4 Rxe1+ 21.
Rxe1 Bg6 22. Bf1 a6 23. h4 Rc8 24. h5 Bh7 25. Re3 Kh8 26. Rf3 Rc5 27. Qxf7 Qxf7
28. Rxf7 Bb1 29. Rf8+ Kh7 30. c4 Nxc4 31. Ne6 Rxd5 32. Bxc4 Rd1+ 33. Kh2 b5 34.
Bb3 Rd3 35. Nc5 1-0

[Event "8. Open Internacional de Málaga"]
[Site "Campillos ESP"]
[Date "2005.02.26"]
[Round "9.5"]
[White "Komljenovic, Davor"]
[Black "Bellon Lopez, Juan Manuel"]
[Result "1-0"]
[WhiteElo "2492"]
[BlackElo "2428"]
[PlyCount "53"]
[EventDate "2005.02.19"]
[EventType "swiss"]
[EventRounds "9"]
[EventCountry "ESP"]
[Source "lmi"]
[SourceDate "2005.02.26"]

1. d4 d5 2. c4 c6 3. Nf3 Nf6 4. Nc3 dxc4 5. a4 Bf5 6. e3 Na6 7. Bxc4 Nb4 8. O-O
e6 9. a5 Bd6 10. Qe2 Nbd5 11. Bd2 O-O 12. Rfd1 Bc2 13. Rdc1 Bg6 14. h3 Ne4 15.
Be1 Be7 16. a6 Ndxc3 17. bxc3 b6 18. Bd3 c5 19. Rd1 cxd4 20. cxd4 Qd5 21. Rac1
Bd6 22. Nh4 Rac8 23. Nxg6 hxg6 24. Rc2 Bb4 25. Rdc1 Nd6 26. Bc3 Qb7 27. Bxb4
1-0

[Event "8. Open Internacional de Málaga"]
[Site "Campillos ESP"]
[Date "2005.02.26"]
[Round "9.6"]
[White "Perez Garcia, Rodney"]
[Black "Barrientos Chavarriaga, Sergio"]
[Result "1/2-1/2"]
[WhiteElo "2430"]
[BlackElo "2432"]
[PlyCount "65"]
[EventDate "2005.02.19"]
[EventType "swiss"]
[EventRounds "9"]
[EventCountry "ESP"]
[Source "lmi"]
[SourceDate "2005.02.26"]

1. e4 c5 2. Nf3 Nc6 3. Bb5 g6 4. O-O Bg7 5. Re1 e5 6. Bxc6 dxc6 7. d3 Qe7 8.
Nbd2 Nf6 9. Nc4 Nd7 10. a4 a5 11. Be3 b6 12. Qc1 h6 13. Nfd2 O-O 14. f4 exf4
15. Bxf4 Qe6 16. Nf3 Ba6 17. Bxh6 Bxc4 18. Bxg7 Kxg7 19. Ng5 Qd6 20. dxc4 Qd4+
21. Kh1 Ne5 22. b3 Rae8 23. Rd1 Qf2 24. Rf1 Qe2 25. Re1 Qg4 26. Qe3 Rh8 27. Kg1
Rh4 28. h3 Qh5 29. Rf1 f6 30. Nf3 Nxf3+ 31. Qxf3 Qxf3 32. gxf3 Rxh3 33. Rad1
1/2-1/2

[Event "8. Open Internacional de Málaga"]
[Site "Campillos ESP"]
[Date "2005.02.26"]
[Round "9.7"]
[White "Suba, Mihai"]
[Black "Alonso, Rene"]
[Result "1-0"]
[WhiteElo "2529"]
[BlackElo "2395"]
[PlyCount "80"]
[EventDate "2005.02.19"]
[EventType "swiss"]
[EventRounds "9"]
[EventCountry "ESP"]
[Source "lmi"]
[SourceDate "2005.02.26"]

1. c4 g6 2. Nc3 Bg7 3. d4 c5 4. d5 d6 5. e4 Nf6 6. h3 O-O 7. Bd3 e6 8. Nf3 exd5
9. exd5 Re8+ 10. Kf1 Na6 11. g4 Nc7 12. a4 b6 13. Bg5 Ba6 14. Ra3 Qd7 15. Nd2
Rf8 16. Qf3 Nfe8 17. Qe3 Be5 18. Nf3 Bxc3 19. Rxc3 f6 20. Bh6 Ng7 21. b3 Rae8
22. Qd2 Bb7 23. Rg1 a6 24. Bc2 b5 25. a5 Re7 26. h4 b4 27. Re3 Rxe3 28. fxe3 f5
29. Bxg7 f4 30. Qd3 Qxg7 31. h5 Bc8 32. hxg6 hxg6 33. Qxg6 Qxg6 34. Bxg6 Kg7
35. Bf5 Bxf5 36. gxf5+ Kf7 37. Ng5+ Ke8 38. Ne6 Rf7 39. Rg8+ Ke7 40. Ke2 Ne8
1-0

[Event "8. Open Internacional de Málaga"]
[Site "Campillos ESP"]
[Date "2005.02.26"]
[Round "9.9"]
[White "Javakhishvili, Lela"]
[Black "Tissir, Mohamed"]
[Result "0-1"]
[WhiteElo "2456"]
[BlackElo "2394"]
[PlyCount "134"]
[EventDate "2005.02.19"]
[EventType "swiss"]
[EventRounds "9"]
[EventCountry "ESP"]
[Source "lmi"]
[SourceDate "2005.02.26"]

1. d4 e6 2. Nf3 Nf6 3. c4 d5 4. Nc3 c6 5. cxd5 exd5 6. Bg5 Bd6 7. Qc2 Nbd7 8.
e3 Nf8 9. Bd3 Ng6 10. h4 h6 11. Bxg6 hxg5 12. Nxg5 fxg6 13. Qxg6+ Kd7 14. Nf7
Qf8 15. Nxh8 Qxh8 16. g4 Kc7 17. g5 Nh5 18. Rc1 Bb4 19. O-O Bxc3 20. Qf7+ Bd7
21. Rxc3 Kd8 22. b4 a6 23. a4 Qe8 24. Qf3 g6 25. b5 Qe7 26. bxc6 Bxc6 27. Rfc1
Kd7 28. Qh3+ Kc7 29. Qh2+ Qd6 30. a5 Re8 31. Qxd6+ Kxd6 32. f3 Ng7 33. Kf2 Rh8
34. Rh1 Rh7 35. Rcc1 Nh5 36. Rb1 Rf7 37. Rb6 Rf8 38. Rc1 Ng7 39. Rh1 Rf7 40.
Rd1 Rf8 41. e4 Rf4 42. Ke3 Rxh4 43. f4 Ne6 44. e5+ Kd7 45. f5 gxf5 46. Rg1 Re4+
47. Kf2 Rxd4 48. g6 Ng7 49. Rb3 Rd2+ 50. Ke3 Rh2 51. Kf4 Ke6 52. Rd3 Rh4+ 53.
Kg5 Rh5+ 54. Kf4 Ke7 55. Ke3 Rh3+ 56. Kd2 Rh4 57. Kc3 Ke6 58. Rd4 Rh3+ 59. Kb4
Kxe5 60. Rd2 Kd6 61. Rd4 Ke5 62. Rd2 d4 63. Kc5 Rb3 64. Re1+ Be4 65. Kc4 Rc3+
66. Kb4 Rg3 67. Rc1 Ne6 0-1

[Event "8. Open Internacional de Málaga"]
[Site "Campillos ESP"]
[Date "2005.02.26"]
[Round "9.10"]
[White "Matnadze, Ana"]
[Black "Llanes Hurtado, Miguel"]
[Result "0-1"]
[WhiteElo "2376"]
[BlackElo "2418"]
[PlyCount "104"]
[EventDate "2005.02.19"]
[EventType "swiss"]
[EventRounds "9"]
[EventCountry "ESP"]
[Source "lmi"]
[SourceDate "2005.02.26"]

1. d4 Nf6 2. g3 d5 3. Bg2 c5 4. c4 cxd4 5. Nf3 Nc6 6. Qa4 dxc4 7. Nxd4 Qxd4 8.
Bxc6+ Bd7 9. Be3 Qxb2 10. Bxd7+ Nxd7 11. O-O b5 12. Qa5 a6 13. Nc3 e6 14. Rab1
Qa3 15. Qc7 Qd6 16. Qb7 Rb8 17. Qa7 Qc6 18. Qd4 Be7 19. Rfc1 O-O 20. a4 Bc5 21.
axb5 axb5 22. Qf4 Bxe3 23. Qxe3 Nf6 24. Qe5 b4 25. Nd1 Nd5 26. e4 Nf6 27. Qd4
Rfd8 28. Rxc4 Rxd4 29. Rxc6 Nxe4 30. Ne3 h5 31. Nc2 Rd2 32. Rxb4 Rxb4 33. Nxb4
Nxf2 34. Rc2 Rxc2 35. Nxc2 Ne4 36. Kg2 g5 37. Nd4 Kg7 38. Kf3 Nd6 39. h3 e5 40.
Ne2 Kf6 41. Ke3 Ke6 42. Nc3 f5 43. Kf3 f4 44. gxf4 gxf4 45. Ne2 Kf5 46. Kf2
Ne4+ 47. Kg2 Ng5 48. Kh2 Ke4 49. Nc3+ Kf3 50. h4 Ne4 51. Nd5 Ng3 52. Nf6 e4 0-1

[Event "8. Open Internacional de Málaga"]
[Site "Campillos ESP"]
[Date "2005.02.26"]
[Round "9.11"]
[White "Frois, Antonio"]
[Black "Belezky, Sasha"]
[Result "0-1"]
[WhiteElo "2320"]
[BlackElo "2402"]
[PlyCount "66"]
[EventDate "2005.02.19"]
[EventType "swiss"]
[EventRounds "9"]
[EventCountry "ESP"]
[Source "lmi"]
[SourceDate "2005.02.26"]

1. e4 e6 2. d3 d5 3. Nd2 Nf6 4. Ngf3 Be7 5. g3 c5 6. Bg2 Nc6 7. O-O O-O 8. Re1
b5 9. c3 Rb8 10. exd5 exd5 11. Nb3 Bg4 12. h3 Bh5 13. Bf4 Rc8 14. Qd2 d4 15.
cxd4 c4 16. Ne5 Bb4 17. Nxc6 Bxd2 18. Nxd8 Bxe1 19. Nc6 Rfe8 20. Nc5 c3 21.
bxc3 Bxc3 22. Rc1 Bb2 23. Rc2 Re1+ 24. Kh2 Rxc6 25. Bxc6 Bxd4 26. Nb3 Bb6 27.
Bxb5 h6 28. Bc6 Bd1 29. Rb2 g5 30. Bb8 Re6 31. Bb5 Bf3 32. Nd2 Re2 33. Nc4 Re1
0-1

[Event "8. Open Internacional de Málaga"]
[Site "Campillos ESP"]
[Date "2005.02.26"]
[Round "9.14"]
[White "Picazo Lopez, Juan Antonio"]
[Black "Barria, Daniel"]
[Result "1/2-1/2"]
[WhiteElo "2094"]
[BlackElo "2349"]
[PlyCount "45"]
[EventDate "2005.02.19"]
[EventType "swiss"]
[EventRounds "9"]
[EventCountry "ESP"]
[Source "lmi"]
[SourceDate "2005.02.26"]

1. d4 Nf6 2. c4 e6 3. Nc3 Bb4 4. e3 O-O 5. Bd3 d5 6. cxd5 exd5 7. Nge2 Re8 8.
O-O Bf8 9. a3 b6 10. b4 c6 11. Re1 a5 12. Rb1 axb4 13. axb4 b5 14. f3 Na6 15.
Na2 Nc5 16. dxc5 Rxa2 17. Nd4 Bd7 18. Bb2 g6 19. Qb3 Ra4 20. Bc2 Bg7 21. Ra1
Rxa1 22. Rxa1 Bh6 23. Re1 1/2-1/2

[Event "8. Open Internacional de Málaga"]
[Site "Campillos ESP"]
[Date "2005.02.26"]
[Round "9.15"]
[White "Garcia Gata, Jorge David"]
[Black "Fenollar Jorda, Manuel"]
[Result "0-1"]
[WhiteElo "2010"]
[BlackElo "2226"]
[PlyCount "78"]
[EventDate "2005.02.19"]
[EventType "swiss"]
[EventRounds "9"]
[EventCountry "ESP"]
[Source "lmi"]
[SourceDate "2005.02.26"]

1. d4 d5 2. Nf3 Nf6 3. Bf4 e6 4. e3 c5 5. c3 Nc6 6. Bd3 Bd6 7. Bg3 O-O 8. Nbd2
Qe7 9. Ne5 Bxe5 10. dxe5 Nd7 11. f4 c4 12. Bc2 Qc5 13. Bf2 Qb5 14. O-O Qxb2 15.
Nf3 f6 16. Qd2 Qa3 17. Bh4 b5 18. exf6 Nxf6 19. Bxf6 Rxf6 20. f5 Qd6 21. fxe6
Bxe6 22. Ng5 Rxf1+ 23. Rxf1 h6 24. Bb1 Ne5 25. Nxe6 Qxe6 26. Bf5 Qd6 27. Qd4 a5
28. e4 g6 29. Bh3 Rf8 30. Rxf8+ Kxf8 31. exd5 b4 32. Be6 Nd3 33. Qa7 Qc5+ 34.
Qxc5+ Nxc5 35. Bg4 b3 36. axb3 cxb3 37. Bd1 a4 38. Kf2 a3 39. d6 a2 0-1